| 000 -LEADER |
| fixed length control field |
01562cam a22004337a 4500 |
| 001 - CONTROL NUMBER |
| control field |
17463923 |
| 003 - CONTROL NUMBER IDENTIFIER |
| control field |
OSt |
| 005 - DATE AND TIME OF LATEST TRANSACTION |
| control field |
20240313100335.0 |
| 008 - FIXED-LENGTH DATA ELEMENTS--GENERAL INFORMATION |
| fixed length control field |
120914r20112010ilu j 000 1 eng d |
| 010 ## - LIBRARY OF CONGRESS CONTROL NUMBER |
| LC control number |
2011279110 |
| 020 ## - INTERNATIONAL STANDARD BOOK NUMBER |
| International Standard Book Number |
9781402259289 (pbk.) |
| 035 ## - SYSTEM CONTROL NUMBER |
| System control number |
(OCoLC)ocn701020054 |
| 040 ## - CATALOGING SOURCE |
| Original cataloging agency |
BTCTA |
| Language of cataloging |
eng |
| Transcribing agency |
BTCTA |
| Modifying agency |
OCP |
| -- |
JP3 |
| -- |
UPZ |
| -- |
YDXCP |
| -- |
BDX |
| -- |
DLC |
| -- |
KH8 |
| 042 ## - AUTHENTICATION CODE |
| Authentication code |
lccopycat |
| 082 04 - DEWEY DECIMAL CLASSIFICATION NUMBER |
| Classification number |
FIC IRW |
| Edition number |
23 |
| 100 1# - MAIN ENTRY--PERSONAL NAME |
| Personal name |
Irwin, Bindi, |
| Dates associated with a name |
1998- |
| Relator term |
Author |
| 245 12 - TITLE STATEMENT |
| Title |
A whale of a time / |
| Statement of responsibility, etc. |
Bindi Irwin with Chris Kunz. |
| 260 ## - PUBLICATION, DISTRIBUTION, ETC. |
| Place of publication, distribution, etc. |
Naperville, Ill. : |
| Name of publisher, distributor, etc. |
Sourcebooks Jabberwocky, |
| Date of publication, distribution, etc. |
[2011]. |
| 300 ## - PHYSICAL DESCRIPTION |
| Extent |
89 p. ; |
| Dimensions |
20 cm. |
| 490 0# - SERIES STATEMENT |
| Series statement |
Bindi wildlife adventures ; |
| Volume/sequential designation |
bk. 5 |
| 500 ## - GENERAL NOTE |
| General note |
"An exciting adventure story!"--Cover. |
| 500 ## - GENERAL NOTE |
| General note |
"Story includes Fun Animal Facts!"--Cover. |
| 500 ## - GENERAL NOTE |
| General note |
"Australia Zoo home of The Crocodile Hunter"--P. [4] of cover. |
| 520 ## - SUMMARY, ETC. |
| Summary, etc. |
Bindi takes a pair of twins whale-watching and they see an oil spill which threatens the whales. Includes animal facts about whales. |
| 521 1# - TARGET AUDIENCE NOTE |
| Target audience note |
Ages 7 and up. |
| 600 11 - SUBJECT ADDED ENTRY--PERSONAL NAME |
| Personal name |
Irwin, Bindi, |
| Dates associated with a name |
1998- |
| Form subdivision |
Fiction. |
| 600 17 - SUBJECT ADDED ENTRY--PERSONAL NAME |
| Personal name |
Irwin, Bindi, |
| Dates associated with a name |
1998- |
| Form subdivision |
Fiction. |
| Source of heading or term |
sears |
| 650 #0 - SUBJECT ADDED ENTRY--TOPICAL TERM |
| Topical term or geographic name entry element |
Whales |
| Form subdivision |
Juvenile fiction. |
| 650 #0 - SUBJECT ADDED ENTRY--TOPICAL TERM |
| Topical term or geographic name entry element |
Oil spills |
| Form subdivision |
Juvenile fiction. |
| 650 #0 - SUBJECT ADDED ENTRY--TOPICAL TERM |
| Topical term or geographic name entry element |
Whale watching |
| Form subdivision |
Juvenile fiction. |
| 650 #1 - SUBJECT ADDED ENTRY--TOPICAL TERM |
| Topical term or geographic name entry element |
Whales |
| Form subdivision |
Fiction. |
| 650 #1 - SUBJECT ADDED ENTRY--TOPICAL TERM |
| Topical term or geographic name entry element |
Oil spills |
| Form subdivision |
Fiction. |
| 650 #1 - SUBJECT ADDED ENTRY--TOPICAL TERM |
| Topical term or geographic name entry element |
Twins |
| Form subdivision |
Fiction. |
| 650 #7 - SUBJECT ADDED ENTRY--TOPICAL TERM |
| Topical term or geographic name entry element |
Whales |
| Form subdivision |
Fiction. |
| Source of heading or term |
sears |
| 650 #7 - SUBJECT ADDED ENTRY--TOPICAL TERM |
| Topical term or geographic name entry element |
Oil spills |
| Form subdivision |
Fiction. |
| Source of heading or term |
sears |
| 650 #7 - SUBJECT ADDED ENTRY--TOPICAL TERM |
| Topical term or geographic name entry element |
Twins |
| Form subdivision |
Fiction. |
| Source of heading or term |
sears |
| 700 1# - ADDED ENTRY--PERSONAL NAME |
| Personal name |
Kunz, Chris. |
| Relator term |
Author |
| 942 ## - ADDED ENTRY ELEMENTS (KOHA) |
| Source of classification or shelving scheme |
|
| Koha item type |
Books - Fiction |